Rheinbahnnetz Stadt- und Straßenbahn Düsseldorf - Statistiken

Allgemein
  • Dieses Quiz wurde 44 mal gespielt
  • Das Durchschnittsergebnis liegt bei 176 aus 482
Antwortstatistiken
Stadt Linie Station % Korrekt
Düsseldorf U70, U76 | U71 | U72 | +4 others Heinrich-Heine-Allee/ Altstadt&Königsallee U
94%
Düsseldorf U73 | U83 Heinrich-Heine-Allee/ Altstadt&Königsallee U
94%
Düsseldorf U71 | U72 | U73 | U83 Bilk S
85%
Düsseldorf 701 | 705 | 706 | +4 others Steinstraße/Königsallee U
79%
Düsseldorf U78 Steinstraße/ Königsallee U
79%
Düsseldorf U71 | U83 Benrath S
76%
Düsseldorf 707 Charlottenstraße/Oststraße U
71%
Düsseldorf 701 | U71 Rath S
71%
Düsseldorf U73 Gerresheim S
68%
Düsseldorf U70, U76 | U74, U77 | U75 | +2 others Oststraße U
68%
Düsseldorf 704 | U71 | U72 | +2 others Pempelforter Straße U
68%
Düsseldorf U71 | U72 | U73 | U83 Wehrhahn S
68%
Düsseldorf U71 | U72 | U73 | U83 Benrather Straße U
65%
Düsseldorf 704 | 707 | 708 | +6 others Düsseldorf Hbf S U
65%
Düsseldorf 701 Rather Straße/Hochschule HSD
65%
Düsseldorf 704 Rather Straße/ Hochschule HSD
65%
Düsseldorf 701 | 705 | 706 | +4 others Schadowstraße U
65%
Düsseldorf 706 | 708 | 709 | +4 others Graf-Adolf-Platz U
62%
Düsseldorf U71 | U72 | U73 | U83 Kirchplatz U
62%
Düsseldorf U70, U76 | U74 Lörick
59%
Düsseldorf 705 | U74, U77 | U79 Oberbilk S U
59%
Düsseldorf U70, U76 | U74, U77 | U75 Tonhalle/Ehrenhof
59%
Düsseldorf U70, U76 | U74, U77 | U75 Belsenplatz
56%
Düsseldorf U71 | U74, U77 | U83 Holthausen
56%
Düsseldorf 701 | 705 | U78 | U79 Nordstraße U
56%
Düsseldorf 704 | U73 | U79 Universität Ost/Botanischer Garten
56%
Duisburg U79 Duisburg Hbf
53%
Düsseldorf 706 | 709 Flingern S
53%
Düsseldorf U75 | U76 Handelszentrum/Moskauer Straße U
53%
Düsseldorf 701 | 708 | U71 Heinrichstraße
53%
Düsseldorf U70, U76 | U74, U77 | U75 Luegplatz
53%
Neuss 709 | U75 Neuss Hbf S
53%
Düsseldorf 708 | U71 | U72 | +2 others Uhlandstraße
53%
Krefeld U70, U76 Krefeld Hbf
50%
Düsseldorf 706 | U72 | U73 | U83 Lindemannstraße
50%
Düsseldorf 706 Zoo S
50%
Düsseldorf U74, U77 | U75 | U76 Barbarossaplatz
47%
Düsseldorf 701 | 705 | 706 | +2 others Berliner Allee
47%
Düsseldorf U78 ERGO-Platz/Klever Straße U
47%
Düsseldorf U79 ERGO-Platz/ Klever Straße U
47%
Meerbusch U70, U76 | U74 Haus Meer
47%
Düsseldorf U74, U77 | U79 Kaiserslauterner Straße
47%
Düsseldorf 706 | U75 Kettwiger Straße U
47%
Düsseldorf U78 MERKURSPIEL-ARENA/
Messe Nord
47%
Düsseldorf U78 | U79 Nordpark/Aquazoo
47%
Düsseldorf 705 | 707 Unterrath S
47%
Düsseldorf 705 | U75 Vennhauser Allee
47%
Düsseldorf U79 Wittlaer
47%
Düsseldorf U74, U77 | U76 Comenius-Gymnasium
44%
Düsseldorf 701 Derendorf S
44%
Düsseldorf 706 Hamm S
44%
Krefeld U70, U76 Rheinstraße
44%
Düsseldorf 704 | U71 | U73 | +2 others Südpark
44%
Düsseldorf U71 | U74, U77 | U79 | U83 Werstener Dorfstraße
44%
Düsseldorf 706 | 708 | U71 Brehmplatz
41%
Düsseldorf U78 | U79 Golzheimer Platz
41%
Düsseldorf 701 | 704 | U71 | +2 others Karolingerplatz
41%
Düsseldorf U78 | U79 Kennedydamm
41%
Duisburg U79 Meiderich Bahnhof
41%
Düsseldorf 706 | U74, U77 | U79 Oberbilker Markt/Warschauer Straße U
41%
Düsseldorf U74, U77 | U76 Prinzenallee
41%
Düsseldorf U74, U77 | U79 Provinzialplatz
41%
Düsseldorf 701 | U71 Rath Mitte S
41%
Ratingen U72 Ratingen Mitte
41%
Düsseldorf 709 | U72 | U73 | U83 Schlüterstraße/ Arbeitsagentur
41%
Düsseldorf U78 | U79 Theodor-Heuss-Brücke
41%
Düsseldorf 704 | 708 | 709 Worringer Platz
41%
Düsseldorf U77 Am Seestern
38%
Meerbusch U70, U76 | U74 Büderich, Landsknecht
38%
Düsseldorf 709 | U83 GerresheimKrankenhaus
38%
Düsseldorf U74, U77 | U76 Heerdter Sandberg
38%
Düsseldorf U72 Hellriegelstraße
38%
Düsseldorf U74 | U76 Löricker Straße
38%
Düsseldorf U78 Messe Ost/ Stockumer Kirchstraße
38%
Düsseldorf U79 Messe Ost/ Stockumer Kirchstraße
38%
Düsseldorf U78 | U79 Reeser Platz
38%
Düsseldorf 704 | U71 | U73 | U83 Uni-Kliniken
38%
Neuss U75 Am Kaiser S
35%
Düsseldorf 701 | 706 Am Steinberg
35%
Düsseldorf 701 | 705 | 707 Dreieck
35%
Düsseldorf 705 | U75 Eller Mitte S
35%
Düsseldorf U79 Kaiserswerth,Klemensplatz
35%
Düsseldorf U79 Lohausen
35%
Düsseldorf U75 Ronsdorfer Straße
35%
Düsseldorf 706 | 708 | U71 Schillerplatz
35%
Düsseldorf 709 | U73 | U83 Staufenplatz
35%
Düsseldorf U72 Südring
35%
Düsseldorf U72 Suitbertusstraße
35%
Düsseldorf 704 | U71 | U73 | U83 Universität Nord/Christophstraße
35%
Düsseldorf U72 Aachener Platz
32%
Düsseldorf 706 | 707 | 709 Bilker Kirche
32%
Düsseldorf 709 | U72 | U73 | U83 Engerstraße
32%
Düsseldorf 708 | U71 Hansaplatz
32%
Meerbusch U70, U76 | U74 Hoterheide
32%
Düsseldorf U71 | U74, U77 | U83 Ickerswarder Straße
32%
Düsseldorf 706 | 708 Landtag/Kniebrücke
32%
Düsseldorf U75 Lierenfeld Betriebshof
32%
Düsseldorf U74 | U76 Lohweg
32%
Düsseldorf 701 PSD BANK DOME
32%
Düsseldorf U71 | U83 Schloss Benrath
32%
Düsseldorf 704 | 706 | U71 | +2 others Auf'm Hennekamp
29%
Düsseldorf U71 | U83 Benrath Betriebshof
29%
Düsseldorf 708 | 709 Birkenstraße
29%
Düsseldorf U74, U77 | U79 Ellerstraße U
29%
Meerbusch U74 | U76 Forsthaus
29%
Düsseldorf U78 | U79 Freiligrathplatz
29%
Düsseldorf 709 Landtag/Kniebrücke
29%
Düsseldorf 706 | 707 Marienhospital
29%
Düsseldorf 707 Medienhafen,Kesselstraße
29%
Düsseldorf U71 | U74, U77 | U83 Opladener Straße
29%
Düsseldorf 709 | U73 | U83 Pöhlenweg
29%
Düsseldorf U72 Rather Waldstadion
29%
Düsseldorf 701 | 705 | 706 Sternstraße
29%
Düsseldorf 709 Völklinger Straße S
29%
Düsseldorf 705 | U75 Alt Eller
26%
Düsseldorf 701 | U71 Am Schein
26%
Düsseldorf 709 | U73 | U83 Auf der Hardt/ LVR-Klinikum
26%
Düsseldorf 707 Bilker Allee/ Friedrichstraße
26%
Meerbusch U70, U76 | U74 Bovert
26%
Krefeld U70, U76 Dießem
26%
Düsseldorf U71 | U74, U77 | U83 Elbruchstraße
26%
Krefeld U76 Fischeln
26%
Düsseldorf U79 Froschenteich
26%
Düsseldorf U73 Gerresheim Rathaus
26%
Meerbusch U74 | U76 Görgesheide
26%
Düsseldorf 708 | U71 Grunerstraße
26%
Düsseldorf U75 Handweiser
26%
Düsseldorf 705 | U75 Jägerstraße
26%
Krefeld U70, U76 Königshof
26%
Düsseldorf 704 | 707 Mintropplatz
26%
Düsseldorf U73 Morper Straße
26%
Düsseldorf U72 Mörsenbroicher Weg
26%
Düsseldorf U75 Nikolaus-Knopp-Platz
26%
Düsseldorf 708 | 709 Stresemannplatz
26%
Düsseldorf U72 Vautierstraße
26%
Düsseldorf U79 Alte Landstraße
24%
Duisburg U79 Duissern
24%
Düsseldorf 704 | 707 Fürstenplatz
24%
Düsseldorf U72 Graf-Recke-Straße
24%
Krefeld U70, U76 Grundend
24%
Düsseldorf U78 Mörikestraße
24%
Düsseldorf U71 | U83 Niederheid
24%
Düsseldorf U72 Oberrath
24%
Düsseldorf 708 Polizeipräsidium
24%
Düsseldorf 705 | U75 Schlesische Straße
24%
Düsseldorf U71 | U83 Schöne Aussicht
24%
Düsseldorf 705 | 707 Spichernplatz
24%
Düsseldorf U78 Sportpark Nord/ Europaplatz
24%
Düsseldorf 706 Stadtwerke/Düsselstrand
24%
Neuss 709 Theodor-Heuss-Platz
24%
Düsseldorf U71 | U83 Urdenbacher Allee
24%
Düsseldorf 701 | 705 Venloer Straße
24%
Düsseldorf U75 Vogesenstraße
24%
Düsseldorf 706 Volksgarten S
24%
Düsseldorf U73 Vor der Hardt
24%
Düsseldorf U71 | U83 Am Trippelsberg
21%
Düsseldorf 705 | 707 An der Piwipp
21%
Ratingen U72 Europaring
21%
Düsseldorf U73 Friedingstraße
21%
Düsseldorf 701 | U71 Haeselerstraße
21%
Düsseldorf U79 Kalkumer Schlossallee
21%
Düsseldorf U79 Kittelbachstraße
21%
Düsseldorf 706 Lindenstraße
21%
Düsseldorf 701 | 704 | 707 Morsestraße
21%
Düsseldorf 701 Münsterplatz
21%
Duisburg U79 Platanenhof
21%
Düsseldorf U73 Schönaustraße
21%
Düsseldorf 705 | 707 Tannenstraße
21%
Düsseldorf 706 Tußmannstraße
21%
Düsseldorf U72 Volmerswerther Straße
21%
Düsseldorf U73 Von-Gahlen-Straße
21%
Düsseldorf 705 | U75 Am Hackenbruch
18%
Düsseldorf 705 | 707 Am Röttchen
18%
Duisburg U79 Auf dem Damm
18%
Düsseldorf 701 Corneliusstraße
18%
Düsseldorf U73 Dörpfeldstraße
18%
Düsseldorf U75 Drususstraße
18%
Düsseldorf 705 | 707 Essener Straße
18%
Düsseldorf 701 | 704 Färberstraße
18%
Düsseldorf 706 Fichtenstraße
18%
Düsseldorf 705 | 707 Großmarkt
18%
Düsseldorf U73 Hardenbergstraße
18%
Düsseldorf U75 Heerdter Krankenhaus
18%
Düsseldorf 704 | 705 | 707 Helmholtzstraße
18%
Düsseldorf 709 Hoffeldstraße
18%
Düsseldorf U72 Hubertushain
18%
Duisburg U79 Im Schlenk
18%
Düsseldorf 707 Jacobistraße
18%
Düsseldorf 705 | 707 Johannstraße
18%
Meerbusch U74 | U76 Kamperweg
18%
Duisburg U79 König-Heinrich-Platz
18%
Duisburg U79 Kulturstraße
18%
Düsseldorf 701 | 705 Luisenstraße
18%
Düsseldorf 701 | 706 Merowingerplatz
18%
Düsseldorf 701 | 706 Merowingerstraße
18%
Düsseldorf 704 Merziger Straße
18%
Düsseldorf 706 | 708 | 709 Poststraße
18%
Düsseldorf U72 Rather Broich
18%
Neuss 709 Rheinpark-Center Süd
18%
Düsseldorf 701 | U71 Rotdornstraße
18%
Duisburg U79 Steinische Gasse
18%
Düsseldorf 704 | 706 Stockkampstraße
18%
Düsseldorf 701 Wahlerstraße/JVA
18%
Duisburg U79 Waldfriedhof
18%
Ratingen U72 Weststraße
18%
Düsseldorf U75 Aldekerkstraße
15%
Düsseldorf U79 Am Mühlenacker
15%
Neuss U75 Blücherstraße
15%
Düsseldorf 701 DOME Am Hülserhof
15%
Ratingen U72 Felderhof
15%
Ratingen U72 Gerhardstraße
15%
Duisburg U79 Grunewald
15%
Duisburg U79 Grunewald Betriebshof
15%
Düsseldorf U75 Heesenstraße
15%
Düsseldorf U72 Hirschweg
15%
Duisburg U79 Karl-Jarres-Straße
15%
Duisburg U79 Kesselsberg
15%
Düsseldorf 701 | 706 Kopernikusstraße
15%
Duisburg U79 Kremerstraße
15%
Düsseldorf 705 | 706 Kruppstraße
15%
Neuss 709 Markt
15%
Duisburg U79 Mühlenkamp
15%
Duisburg U79 Musfeldstraße
15%
Neuss 709 Niedertor
15%
Neuss 709 Stadthalle/Museum
15%
Düsseldorf 706 | 709 Stadttor
15%
Duisburg U79 St.-Anna-Krankenhaus
15%
Düsseldorf 709 Wetterstraße
15%
Düsseldorf 704 Adlerstraße
12%
Düsseldorf 705 | 707 Eckenerstraße
12%
Düsseldorf 705 | 707 Elsässer Straße
12%
Düsseldorf 706 | 707 Franziusstraße
12%
Düsseldorf 709 | U83 Heinrich-Könn-Straße
12%
Düsseldorf 709 Josef-Kardinal-Frings-Brücke
12%
Düsseldorf U71 | U83 Kappeler Straße
12%
Neuss 709 Landestheater
12%
Neuss 709 Langemarckstraße
12%
Duisburg U79 Münchener Straße
12%
Düsseldorf 707 Schloss Jägerhof
12%
Duisburg U79 Sittardsberg
12%
Düsseldorf 704 Straßburger Straße
12%
Düsseldorf 709 Südfriedhof
12%
Düsseldorf 706 | 707 Wupperstraße
12%
Düsseldorf 704 Alter Schlachthof
9%
Düsseldorf 705 Am Stufstock
9%
Düsseldorf 705 Gangelplatz
9%
Düsseldorf 709 Georg-Schulhoff-Platz
9%
Neuss 709 Glockhammer
9%
Düsseldorf 706 Hammer Dorfstraße
9%
Düsseldorf 707 Klosterstraße
9%
Düsseldorf U72 Krahkampweg
9%
Düsseldorf 707 Kronprinzenstraße
9%
Düsseldorf 701 | 706 Moorenstraße
9%
Düsseldorf 706 Redinghovenstraße
9%
Düsseldorf 704 Rochusmarkt
9%
Düsseldorf 706 Schumannstraße
9%
Düsseldorf 705 Sonnenstraße
9%
Düsseldorf 704 St.-Vinzenz-Krankenhaus
9%
Düsseldorf 706 Flügelstraße
6%
Düsseldorf 706 Hemmersbachweg
6%
Düsseldorf 704 Lennéstraße
6%
Düsseldorf 707 Speditionstraße
6%
Keine übereinstimmenden Quizze gefunden
Verteilung der Resultate
Anzahl Personen mit jedem Resultat
Perzentil nach korrekt beantworteten Fragen
Ihre Resultats-Entwicklung
Sie haben dieses Quiz noch nicht gespielt